000 00373nam a2200169Ia 4500
100 _aVenkatesh/K
650 _aInformation technology
942 _cBK
366 _f20
654 _ainformation technology
245 _aMarketing of Information technology
260 _bTata McGraw Hill
_c2009
082 _bVEN
300 _a147
546 _aENGLISH
999 _c31229
_d31229